Managerial Economics: (Record no. 6964)

MARC details
000 -LEADER
fixed length control field 00573nam a22002057a 4500
003 - CONTROL NUMBER IDENTIFIER
control field OSt
005 - DATE AND TIME OF LATEST TRANSACTION
control field 20210520123831.0
008 - FIXED-LENGTH DATA ELEMENTS--GENERAL INFORMATION
fixed length control field 210520b ||||| |||| 00| 0 eng d
020 ## - INTERNATIONAL STANDARD BOOK NUMBER
International Standard Book Number 9789353502508
040 ## - CATALOGING SOURCE
Transcribing agency DCC
082 ## - DEWEY DECIMAL CLASSIFICATION NUMBER
Classification number 330 FRO 2018
100 ## - MAIN ENTRY--PERSONAL NAME
Personal name Froeb, Luke.M ; McCann,Brian ; Shor, Mikhael
9 (RLIN) 14280
245 ## - TITLE STATEMENT
Title Managerial Economics:
Remainder of title Aproblem solving Approach
250 ## - EDITION STATEMENT
Edition statement 5th ed.
260 ## - PUBLICATION, DISTRIBUTION, ETC. (IMPRINT)
Place of publication, distribution, etc. Singapore:
Name of publisher, distributor, etc. Cengage;
Date of publication, distribution, etc. 2018
300 ## - PHYSICAL DESCRIPTION
Extent xvi,332p.:
Other physical details ill;
Dimensions 24cm.
504 ## - BIBLIOGRAPHY, ETC. NOTE
Bibliography, etc Includes Index.
650 ## - SUBJECT ADDED ENTRY--TOPICAL TERM
Topical term or geographic name as entry element Managerial Economics
9 (RLIN) 14281
942 ## - ADDED ENTRY ELEMENTS (KOHA)
Source of classification or shelving scheme Dewey Decimal Classification
Koha item type Book
Holdings
Withdrawn status Lost status Source of classification or shelving scheme Damaged status Not for loan Home library Current library Date acquired Source of acquisition Inventory number Total Checkouts Full call number Barcode Date last seen Price effective from Koha item type Public note
    Dewey Decimal Classification     MUST Main Library MUST Main Library 20/05/2021 Purchase 21/41329   330 FRO 2018 2021-0591 20/05/2021 20/05/2021 Book Material in Hard Copy